| 000 | 00774nam a22001337a 4500 | ||
|---|---|---|---|
| 040 | _cRUA | ||
| 082 | _aAVM SOK 2010 B095 Or.1 | ||
| 100 | _aSOK HAN | ||
| 245 | _aStudy of using chinse kale conentrates on growth rate of quail at animal experimental station of royal university of agriculture, (សិក្សាលើការលូតលាស់របស់ពូជក្រួចដោយបន្ថែមអនុផល ស្លឹកខាត់ណា នៅលើចំណីផ្សំ នៅសាកលវិទ្យាល័យភូមិន្ទកសិកម្ម) | ||
| 260 |
_aphnom penh _brua _c2010 |
||
| 300 |
_ax, 36p. _bill. _c29cm. |
||
| 856 | _uhttps://drive.google.com/file/d/1CiowNOftv-lS-iHpKrbkFmwukoCFR9Cw/view?usp=sharing | ||
| 942 | _cAVM | ||
| 999 |
_c2434 _d2434 |
||